Principles of Applied Geophysics (Record no. 217028)

MARC details
000 -LEADER
fixed length control field 00550nam a22001817a 4500
008 - FIXED-LENGTH DATA ELEMENTS--GENERAL INFORMATION
fixed length control field 260420b |||||||| |||| 00| 0 eng d
020 ## - INTERNATIONAL STANDARD BOOK NUMBER
International Standard Book Number 9780412158100
050 ## - LIBRARY OF CONGRESS CALL NUMBER
Classification number TN 269 .P37 1979
Item number C.1
100 ## - MAIN ENTRY--PERSONAL NAME
Personal name Parasnis, D. S.
245 ## - TITLE STATEMENT
Title Principles of Applied Geophysics
250 ## - EDITION STATEMENT
Edition statement Third Edition
260 ## - PUBLICATION, DISTRIBUTION, ETC.
Place of publication, distribution, etc. London
Name of publisher, distributor, etc. Chapman and Hall
Date of publication, distribution, etc. 1979
300 ## - PHYSICAL DESCRIPTION
Extent x, 275p.:ill.
500 ## - GENERAL NOTE
General note Includes bibliographical references and index
650 ## - SUBJECT ADDED ENTRY
Topical term or geographic name entry element 1. Prospecting - Geophysical methods. 2. Geophysics.
942 ## - ADDED ENTRY ELEMENTS (KOHA)
Source of classification or shelving scheme Library of Congress Classification
Koha item type Long Loan Book
Holdings
Withdrawn status Lost status Source of classification or shelving scheme Damaged status Not for loan Collection Home library Current library Date acquired Inventory number Total checkouts Full call number Barcode Date last seen Copy number Price effective from Koha item type
    Library of Congress Classification     Science & Technology Kisii University Library Kisii University Library 04/20/2026 113111   TN 269 .P37 1979 A001952 04/20/2026 C.1 04/20/2026 Long Loan Book
    Library of Congress Classification     Science & Technology Kisii University Library Kisii University Library 04/20/2026 113112   TN 269 .P37 1979 A001951 04/20/2026 C.2 04/20/2026 Long Loan Book
    Library of Congress Classification     Science & Technology Kisii University Library Kisii University Library 04/20/2026 113113   TN 269 .P37 1979 A001950 04/20/2026 C.3 04/20/2026 Long Loan Book
    Library of Congress Classification     Science & Technology Kisii University Library Kisii University Library 04/20/2026 113114   TN 269 .P37 1979 A001949 04/20/2026 C.4 04/20/2026 Long Loan Book
    Library of Congress Classification     Science & Technology Kisii University Library Kisii University Library 04/20/2026 113115   TN 269 .P37 1979 A001947 04/20/2026 C.5 04/20/2026 Long Loan Book